| 000 | 00739nam a2200217Ii 4500 | ||
|---|---|---|---|
| 003 | JO-AjNU | ||
| 008 | 230605s9999||||xx |||||||||||||| ||und|| | ||
| 017 | _a2010/5/1830 | ||
| 040 |
_aJO-AjNU _bara _erda _cJO-AjNU |
||
| 041 | _aara | ||
| 050 | 1 | 4 | _aBP173.75.H373 2011 |
| 100 | 3 |
_aحسن، علي عبد الستار علي , _eauthor _930668 |
|
| 245 | 0 | 0 | _aالأرباح التجارية من منظور الفقه الإسلامي |
| 250 | _aط1 | ||
| 264 | 3 | 1 | _aعمان: دار النفائس للنشر والتوزيع، 2011 |
| 300 | _a583ص | ||
| 336 |
_atext _btxt _2rdacontent |
||
| 337 |
_aunmediated _bn _2rdamedia |
||
| 338 |
_avolume _bnc _2rdacarrier |
||
| 650 | 4 |
_aالارباح- الفقه الاسلامي _930669 |
|
| 999 |
_aA12185 _c15753 _d15753 |
||